| 000 | 00633cam3a220016900 4500 | ||
|---|---|---|---|
| 001 | zam00002691 | ||
| 008 | 970717n xx eng u | ||
| 035 | _a(Sirsi) r132691 | ||
| 040 | _dUPRA | ||
| 245 | 0 | 0 | _aHuman behaviour in Africa: a bibliography of psychological and related writings. |
| 260 |
_aOntario : _bAlthonsc College of education, _c1970. |
||
| 520 | _aThis is a bibliography on human behaviour in Africa on psychological and related writings. | ||
| 650 | 4 |
_aBibliography. _6S15379.1 |
|
| 650 | 4 |
_aAfrica -- Human relations. _xAfrica -- Human relations. _6S78713.1 |
|
| 949 | 1 | 0 |
_mINESOR _tBOOK _lON-SHELF |
| 004 | 132691 | ||
| 999 |
_c30726 _d30726 |
||